[Event "68th ch-RUS HL 2015"]
[Site "Kaliningrad RUS"]
[Date "2015.06.28"]
[Round "6.11"]
[White "Alekseev, Evgeny"]
[Black "Pridorozhni, Aleksei"]
[Result "1/2-1/2"]
[WhiteTitle "GM"]
[BlackTitle "GM"]
[WhiteElo "2651"]
[BlackElo "2556"]
[WhiteFideId "4138147"]
[BlackFideId "4127870"]
[EventDate "2015.06.22"]

1. e4 e5 2. Nf3 Nc6 3. Bb5 Nf6 4. O-O Nxe4 5. d4 Nd6 6. Bxc6 dxc6 7. dxe5 Nf5 8.
Qxd8+ Kxd8 9. Nc3 Bd7 10. b3 h6 11. Bb2 Kc8 12. Rad1 b6 13. Ne2 a5 14. a4 c5 15.
c4 Bc6 16. Nf4 Bxf3 17. gxf3 Be7 18. Nd5 Re8 19. f4 Kb7 20. Ne3 g6 21. Nxf5 gxf5
22. Rd3 h5 23. Kg2 Rad8 24. Rfd1 Kc8 25. Bc3 Rxd3 26. Rxd3 Rd8 27. Rh3 h4 28.
Re3 Rg8+ 29. Kh3 Kd7 30. Rd3+ Ke8 31. Rd1 Rg6 32. Bd2 Bd8 33. Be3 Be7 34. f3 Bd8
35. Rg1 Rxg1 36. Bxg1 Kf8 37. Bf2 Kg7 38. Bxh4 Bxh4 39. Kxh4 Kg6 40. Kg3 Kh6 41.
Kh4 1/2-1/2

[Event "68th ch-RUS HL 2015"]
[Site "Kaliningrad RUS"]
[Date "2015.06.28"]
[Round "6.12"]
[White "Bocharov, Dmitry"]
[Black "Paravyan, David"]
[Result "1-0"]
[WhiteTitle "GM"]
[BlackTitle "IM"]
[WhiteElo "2580"]
[BlackElo "2478"]
[WhiteFideId "4138716"]
[BlackFideId "4194985"]
[EventDate "2015.06.22"]

1. c4 c6 2. Nf3 d5 3. g3 Bg4 4. Ne5 Be6 5. Bg2 Nd7 6. cxd5 Bxd5 7. Bxd5 cxd5 8.
Qa4 Qc7 9. Nd3 e5 10. Nc3 Nf6 11. f4 e4 12. Ne5 a6 13. d4 exd3 14. Be3 dxe2 15.
Rc1 Qd8 16. Bd4 b5 17. Qb3 Rc8 18. Kxe2 Nc5 19. Bxc5 Rxc5 20. Rhd1 Be7 21. Rc2
Qc8 22. Rcd2 Qh3 23. Nxd5 Nxd5 24. Rxd5 Qg2+ 25. Ke3 O-O 26. R1d2 Qg1+ 27. Kf3
Qh1+ 28. Ke3 Rc1 29. Nd3 Re8 30. Re5 Rf1 31. Re2 Rd1 32. Qd5 Qxd5 33. Rxd5 Bf8+
34. Kf3 Rxe2 35. Kxe2 Rh1 36. h4 Rh2+ 37. Kf3 Rc2 38. Rd8 f6 39. Ra8 Rd2 40. Ke4
Re2+ 41. Kd4 Re6 42. f5 Rc6 43. Kd5 Rd6+ 44. Ke4 Kf7 45. Ra7+ Be7 46. Nf4 Kf8
47. g4 Rd2 48. g5 fxg5 49. hxg5 Ke8 50. Ne6 Kf7 51. Nxg7 Rxb2 52. f6 Rxa2 53.
Rxe7+ Kg6 54. Ne6 1-0

[Event "68th ch-RUS HL 2015"]
[Site "Kaliningrad RUS"]
[Date "2015.06.28"]
[Round "6.13"]
[White "Inarkiev, Ernesto"]
[Black "Gabrielian, Artur"]
[Result "1-0"]
[WhiteTitle "GM"]
[BlackTitle "GM"]
[WhiteElo "2668"]
[BlackElo "2560"]
[WhiteFideId "4162722"]
[BlackFideId "4131002"]
[EventDate "2015.06.22"]

1. e4 c5 2. Nf3 d6 3. d4 cxd4 4. Nxd4 Nf6 5. Nc3 a6 6. Be3 e6 7. Be2 Qc7 8. Qd2
b5 9. f3 Nbd7 10. a3 Be7 11. O-O-O O-O 12. g4 Nb6 13. g5 Nfd7 14. f4 Na4 15.
Nxa4 bxa4 16. f5 Nc5 17. Qc3 Bd8 18. fxe6 fxe6 19. Bc4 Re8 20. e5 d5 21. Ba2 Ne4
22. Qxc7 Bxc7 23. c4 dxc4 24. Bxc4 Bxe5 25. Nc6 Bc7 26. Rhe1 Nd6 27. Ba2 Nf5 28.
Bg1 Bf4+ 29. Kb1 Bxg5 30. Bd5 Bf6 31. Ne7+ Rxe7 32. Bxa8 Bb7 33. Bc5 Rc7 34.
Bxb7 Rxb7 35. Re2 Kf7 36. Ka2 h5 37. Rc1 g5 38. Rc4 Rc7 39. Rec2 g4 40. Rxa4 Rc6
41. Rf4 Be5 42. Re4 Bxh2 43. Rxh2 Rxc5 44. Rxh5 g3 45. Rg4 Rc2 46. Rhg5 Rf2 47.
a4 Ke7 48. Rg6 Re2 49. a5 Kd6 50. Ka3 Kc5 51. R6g5 Re3+ 52. Ka4 Rf3 53. Rg8 e5
54. b4+ Kd5 55. Rd8+ Ke6 56. Ra8 Ne3 57. Rxa6+ Kf5 58. Rg8 Ng4 59. Rag6 1-0

[Event "68th ch-RUS HL 2015"]
[Site "Kaliningrad RUS"]
[Date "2015.06.28"]
[Round "6.14"]
[White "Landa, Konstantin"]
[Black "Najer, Evgeniy"]
[Result "0-1"]
[WhiteTitle "GM"]
[BlackTitle "GM"]
[WhiteElo "2627"]
[BlackElo "2661"]
[WhiteFideId "4101685"]
[BlackFideId "4118987"]
[EventDate "2015.06.22"]

1. Nf3 d5 2. d4 c6 3. c4 Nf6 4. e3 Bg4 5. h3 Bh5 6. cxd5 Bxf3 7. Qxf3 cxd5 8.
Nc3 Nc6 9. Bd3 e6 10. O-O Be7 11. Bd2 O-O 12. Rfc1 Rc8 13. Qd1 Bd6 14. a3 Qd7
15. b4 e5 16. b5 Nd8 17. dxe5 Bxe5 18. f4 Bc7 19. Na4 Ne6 20. Bf5 Qe7 21. Qb3 b6
22. Rc6 Bd6 23. Bb4 Rxc6 24. bxc6 g6 25. Bg4 Nc5 26. Nxc5 bxc5 27. Ba5 c4 28.
Qc3 Bc5 29. Re1 Qd6 30. c7 Nxg4 31. hxg4 Qxf4 32. Qd2 Qe5 33. Kh1 Bd6 34. Kg1
Bxc7 35. Bxc7 Qxc7 36. Qxd5 c3 37. Rc1 c2 38. Kf2 Rd8 39. Qe4 Rd2+ 40. Kf3 Qh2 0-1

[Event "68th ch-RUS HL 2015"]
[Site "Kaliningrad RUS"]
[Date "2015.06.28"]
[Round "6.16"]
[White "Rakhmanov, Aleksandr"]
[Black "Eliseev, Urii"]
[Result "1/2-1/2"]
[WhiteTitle "GM"]
[BlackTitle "GM"]
[WhiteElo "2623"]
[BlackElo "2530"]
[WhiteFideId "4173708"]
[BlackFideId "24131920"]
[EventDate "2015.06.22"]

1. Nf3 Nf6 2. g3 g6 3. b3 Bg7 4. Bb2 O-O 5. Bg2 d5 6. c4 c6 7. d3 Nbd7 8. Nbd2
Re8 9. d4 b6 10. O-O Bb7 11. Ne5 e6 12. Nd3 Rc8 13. b4 c5 14. dxc5 bxc5 15. bxc5
Nxc5 16. Nxc5 Rxc5 17. Bd4 Rc8 18. cxd5 Bxd5 19. Nb3 Bxg2 20. Kxg2 Qd5+ 21. Kg1
Red8 22. Bxf6 Qxd1 23. Rfxd1 Bxf6 24. Rxd8+ Bxd8 25. Rc1 Rxc1+ 26. Nxc1 Kf8 27.
Kf1 Ke7 28. e3 Kd6 29. Ke2 f5 30. Kd3 Kc5 31. Nb3+ Kd5 32. f3 Bb6 33. e4+ Kd6
34. Nd4 Bxd4 35. Kxd4 e5+ 36. Kc4 fxe4 37. fxe4 Kc6 38. h4 h5 39. Kb4 Kb6 40.
Kc4 Kc6 1/2-1/2

[Event "68th ch-RUS HL 2015"]
[Site "Kaliningrad RUS"]
[Date "2015.06.29"]
[Round "7.1"]
[White "Popov, Ivan RUS"]
[Black "Motylev, Alexander"]
[Result "1/2-1/2"]
[WhiteTitle "GM"]
[BlackTitle "GM"]
[WhiteElo "2647"]
[BlackElo "2643"]
[WhiteFideId "4170350"]
[BlackFideId "4121830"]
[EventDate "2015.06.22"]

1. e4 e5 2. Nf3 Nf6 3. Nxe5 d6 4. Nd3 Nxe4 5. Qe2 Qe7 6. Nc3 Nxc3 7. dxc3 Bg4 8.
f3 Qxe2+ 9. Bxe2 Bd7 10. Kf2 Nc6 11. h4 O-O-O 12. h5 Be7 13. h6 g6 14. g4 Rhe8
15. Nf4 f5 16. Nd5 fxg4 17. Nxe7+ Nxe7 18. Bg5 gxf3 19. Bxf3 Be6 20. Rhe1 Kd7
21. Re2 Rb8 22. Rae1 Nf5 23. Bg4 b5 24. Bf6 a5 25. a3 a4 26. Bxf5 gxf5 27. Re3
f4 28. Re4 Bf5 29. Rxe8 Rxe8 30. Rxe8 Kxe8 31. Kf3 Bxc2 32. Kxf4 Kf7 33. Bg7 Ke6
34. Bh8 Bg6 35. Bg7 Kd5 36. Ke3 Kc4 37. Kd2 Kb3 38. Kc1 Kc4 39. Kd2 Kb3 40. Kc1
Kc4 41. Kd2 Kb3 1/2-1/2

[Event "68th ch-RUS HL 2015"]
[Site "Kaliningrad RUS"]
[Date "2015.06.29"]
[Round "7.3"]
[White "Frolyanov, Dmitry"]
[Black "Artemiev, Vladislav"]
[Result "1/2-1/2"]
[WhiteTitle "GM"]
[BlackTitle "GM"]
[WhiteElo "2566"]
[BlackElo "2660"]
[WhiteFideId "4151976"]
[BlackFideId "24101605"]
[EventDate "2015.06.22"]

1. d4 Nf6 2. c4 g6 3. Nc3 d5 4. e3 Bg7 5. Nf3 O-O 6. cxd5 Nxd5 7. Bc4 Nxc3 8.
bxc3 c5 9. O-O Qc7 10. Qe2 b6 11. Bb2 Nc6 12. Rfd1 Bg4 13. Rac1 Na5 14. Bd3 Rac8
15. h3 Be6 16. Ba3 Rfd8 17. e4 Bd7 18. d5 Ba4 19. Re1 c4 20. Bc2 Be8 21. Qe3 Nb7
22. Rcd1 Nc5 23. h4 e6 24. dxe6 Nxe6 25. e5 Rxd1 26. Rxd1 Bc6 27. Bd6 Qb7 28. h5
Re8 29. Re1 Bxf3 30. gxf3 Qd7 31. Rd1 Qc8 32. Kg2 Nc5 33. hxg6 hxg6 34. Rh1 Nb7
35. Qd2 Qd7 36. Qd5 Nxd6 37. Qxd6 Qxd6 38. exd6 Re2 39. d7 Bf6 40. Be4 Rd2 41.
Bc6 Kg7 42. a4 Rd6 43. Bb5 a6 44. Bxa6 Rxd7 45. Bxc4 Bxc3 46. Rc1 Be5 47. Rc2
Rd4 48. Bb5 Rb4 49. Re2 Kf6 50. Re4 Rb2 51. Re2 Rb1 52. Rc2 Rb2 1/2-1/2

[Event "68th ch-RUS HL 2015"]
[Site "Kaliningrad RUS"]
[Date "2015.06.29"]
[Round "7.4"]
[White "Zvjaginsev, Vadim"]
[Black "Fedoseev, Vladimir3"]
[Result "1/2-1/2"]
[WhiteTitle "GM"]
[BlackTitle "GM"]
[WhiteElo "2648"]
[BlackElo "2674"]
[WhiteFideId "4113403"]
[BlackFideId "24130737"]
[EventDate "2015.06.22"]

1. e4 e6 2. d4 d5 3. Nd2 Nf6 4. Bd3 c5 5. c3 Nc6 6. Ngf3 cxd4 7. cxd4 dxe4 8.
Nxe4 Bb4+ 9. Nc3 O-O 10. O-O Be7 11. a3 b6 12. Be3 Bb7 13. Qe2 Rc8 14. Rad1 Rc7
15. h3 Rd7 16. Bb5 Nd5 17. Nxd5 Rxd5 18. Rc1 Qa8 19. Bd3 Rd7 20. Rfd1 Bf6 21.
Be4 Ne7 22. Bxb7 Qxb7 23. Ne5 Bxe5 24. dxe5 Rc8 25. Rxc8+ Qxc8 26. Rc1 Rc7 27.
Rxc7 Qxc7 28. Qb5 Qc8 29. Qa4 Qb8 30. Qd7 Ng6 31. Bd4 h5 32. Qc6 Qd8 33. Qe4 Kh7
34. g3 h4 35. g4 Qg5 36. Bc3 Qc1+ 37. Kg2 Qd1 38. Qf3 Qd7 39. Qe4 Qd1 40. Qf3
Qa4 41. Qd3 a5 42. Kh2 Qf4+ 43. Kg2 Qa4 44. Kh2 Qf4+ 45. Kg2 Qc1 46. a4 Qa1 47.
b3 Qc1 48. Kh2 Qf4+ 49. Kg2 Qc1 50. Kh2 Qg5 51. Bd4 Qd8 52. Qe4 Kg8 53. Be3 Qb8
54. Kg2 b5 55. Bg5 bxa4 56. bxa4 1/2-1/2

[Event "68th ch-RUS HL 2015"]
[Site "Kaliningrad RUS"]
[Date "2015.06.29"]
[Round "7.5"]
[White "Gordievsky, Dmitry"]
[Black "Bukavshin, Ivan"]
[Result "0-1"]
[WhiteTitle "FM"]
[BlackTitle "GM"]
[WhiteElo "2491"]
[BlackElo "2647"]
[WhiteFideId "24112798"]
[BlackFideId "4199758"]
[EventDate "2015.06.22"]

1. d4 d5 2. c4 e6 3. Nf3 Nf6 4. Nc3 c6 5. g3 dxc4 6. Bg2 Nbd7 7. O-O b5 8. e4 b4
9. e5 Nd5 10. Ne4 Qb6 11. Re1 h6 12. Nd6+ Bxd6 13. exd6 Ba6 14. Ne5 N7f6 15. b3
c3 16. a3 Rd8 17. axb4 Bb5 18. g4 Nxb4 19. Bf4 c5 20. Nc4 Bxc4 21. bxc4 cxd4 22.
Qa4+ Nd7 23. Re5 Qxd6 24. Rf5 Qa6 25. Ra5 Qxc4 26. Bd6 c2 27. Rc5 Qe2 28. Rc7
Nd5 29. Rxc2 Qxg4 30. h3 Qg6 31. Rac1 e5 32. Ba3 Nf4 33. f3 d3 34. Rb2 Ne2+ 35.
Rxe2 dxe2 36. f4 h5 37. Kh1 Rh6 38. Qb4 Qf6 39. f5 a5 40. Qe4 Qg5 41. Qxe2 Qxf5
42. Rf1 Qe6 43. Qd3 Rf6 44. Re1 Qf5 45. Be4 Qf2 46. Qc3 Re6 47. Bd5 Qf6 48. Qc4
Qf5 49. Re3 Rb8 50. Rf3 Qg6 51. Be4 Rb1+ 52. Bxb1 Qxb1+ 53. Kh2 Qb8 54. Rc3 Kd8
55. Rb3 Qc8 56. Qh4+ f6 57. Rg3 Rc6 58. Qxh5 Rc2+ 59. Kg1 Qc4 60. Qd1 Qf4 61.
Be7+ Ke8 62. Qh5+ Kxe7 63. Rxg7+ Kd6 64. Rxd7+ Kxd7 65. Qh7+ Ke6 66. Qxc2 Qg3+
67. Kh1 Qxh3+ 68. Kg1 Qe3+ 69. Kh1 Qb6 70. Qa2+ Ke7 71. Qc4 Kd6 72. Qd3+ Kc7 73.
Qh7+ Kb8 74. Qg8+ Kb7 75. Qf7+ Qc7 76. Qb3+ Ka7 77. Kh2 Qc6 78. Qe3+ Ka8 79. Qa3
Qc7 80. Qf8+ Kb7 81. Qe8 e4+ 82. Kg2 Qe5 83. Qd7+ Kb6 84. Qd8+ Kb5 85. Qd7+ Kb4
86. Qd2+ Qc3 87. Qd6+ Kb3 88. Qd5+ Kb2 89. Qb5+ Kc1 90. Qf1+ Kc2 91. Qb5 e3 92.
Qa4+ Kc1 93. Qf4 Qd2+ 94. Kh3 e2 95. Qc4+ Qc2 96. Qf4+ Kb1 97. Qb8+ Ka2 0-1

[Event "68th ch-RUS HL 2015"]
[Site "Kaliningrad RUS"]
[Date "2015.06.29"]
[Round "7.6"]
[White "Kobalia, Mikhail"]
[Black "Bocharov, Dmitry"]
[Result "1-0"]
[WhiteTitle "GM"]
[BlackTitle "GM"]
[WhiteElo "2623"]
[BlackElo "2580"]
[WhiteFideId "4119150"]
[BlackFideId "4138716"]
[EventDate "2015.06.22"]

1. e4 d6 2. d4 Nf6 3. Nc3 g6 4. Be3 a6 5. Nf3 Bg7 6. Qd2 b5 7. Bd3 Bb7 8. Bh6
O-O 9. h4 e5 10. dxe5 dxe5 11. h5 Nxh5 12. Bxg7 Kxg7 13. Nxe5 Qe7 14. Nf3 b4 15.
Ne2 Rh8 16. O-O-O Nf6 17. Ng3 Nbd7 18. Bc4 h6 19. Nd4 Bxe4 20. Rhe1 Qc5 21. Bxf7
Kxf7 22. Nxe4 Nxe4 23. Rxe4 Nf6 24. Re6 Rhe8 25. Rc6 Qe5 26. Qxb4 Nd5 27. Qc4
Re7 28. Rc5 1-0

[Event "68th ch-RUS HL 2015"]
[Site "Kaliningrad RUS"]
[Date "2015.06.29"]
[Round "7.8"]
[White "Predke, Alexandr"]
[Black "Inarkiev, Ernesto"]
[Result "1/2-1/2"]
[BlackTitle "GM"]
[WhiteElo "2543"]
[BlackElo "2668"]
[WhiteFideId "24107581"]
[BlackFideId "4162722"]
[EventDate "2015.06.22"]

1. e4 c5 2. Nf3 d6 3. d4 cxd4 4. Nxd4 Nf6 5. Nc3 a6 6. Be3 Ng4 7. Bg5 h6 8. Bh4
g5 9. Bg3 Bg7 10. h3 Ne5 11. f3 Nbc6 12. Bf2 Be6 13. Qd2 Qa5 14. Nb3 Bxb3 15.
cxb3 e6 16. O-O-O Rd8 17. Kb1 Ng6 18. g3 O-O 19. h4 d5 20. exd5 Nb4 21. a3 Nxd5
22. Nxd5 Qxd2 23. Rxd2 Rxd5 24. Rxd5 exd5 25. hxg5 hxg5 26. Rh5 Bf6 27. Be3 Re8
28. Bd2 Kg7 29. Kc2 Ne5 30. f4 Nf3 31. fxg5 Nxd2 32. Kxd2 Kg6 33. g4 Bxg5+ 34.
Kd1 Kf6 35. Rh3 Re4 36. Rf3+ Ke7 37. Be2 f6 38. Rd3 Kd6 39. Bf3 Re5 40. Kc2 a5
41. Kc3 Bh4 42. b4 Be1+ 43. Kb3 axb4 44. axb4 b5 45. Bg2 Ke6 46. Bf3 Bf2 47. Kc2
d4 48. Rd2 Be3 49. Rh2 f5 50. Rh5 Bf4 51. Rxf5 Rxf5 52. gxf5+ Ke5 1/2-1/2

[Event "68th ch-RUS HL 2015"]
[Site "Kaliningrad RUS"]
[Date "2015.06.29"]
[Round "7.9"]
[White "Sjugirov, Sanan"]
[Black "Ponkratov, Pavel"]
[Result "1-0"]
[WhiteTitle "GM"]
[BlackTitle "GM"]
[WhiteElo "2662"]
[BlackElo "2610"]
[WhiteFideId "4189302"]
[BlackFideId "4157800"]
[EventDate "2015.06.22"]

1. e4 c6 2. d4 d5 3. e5 Bf5 4. Nf3 e6 5. Be2 c5 6. Be3 Qb6 7. Nc3 Qxb2 8. Qb1
Qb4 9. dxc5 Bxc5 10. O-O Nc6 11. Nb5 Bxe3 12. Nd6+ Kf8 13. fxe3 Qxb1 14. Raxb1
b6 15. Rbc1 Nh6 16. c4 Bg4 17. cxd5 Nxe5 18. Nxe5 Bxe2 19. Rf2 f6 20. Rc7 exd5
21. Nef7 Bh5 22. Nxh6 1-0

[Event "68th ch-RUS HL 2015"]
[Site "Kaliningrad RUS"]
[Date "2015.06.29"]
[Round "7.10"]
[White "Najer, Evgeniy"]
[Black "Chekhov, Sergei"]
[Result "1/2-1/2"]
[WhiteTitle "GM"]
[BlackTitle "IM"]
[WhiteElo "2661"]
[BlackElo "2476"]
[WhiteFideId "4118987"]
[BlackFideId "4195639"]
[EventDate "2015.06.22"]

1. e4 e6 2. d4 d5 3. Nc3 Bb4 4. e5 b6 5. h4 Qd7 6. h5 h6 7. Qg4 Bf8 8. Nf3 Ba6
9. Be2 Ne7 10. O-O Bxe2 11. Nxe2 Nbc6 12. Bd2 g5 13. a4 Ng8 14. Qh3 f5 15. exf6
Nxf6 16. Ne5 Nxe5 17. dxe5 Ne4 18. Be3 Rg8 19. Qg4 a5 20. Nd4 Bg7 21. f4 O-O-O
22. Qxe6 Ng3 23. Rf2 gxf4 24. Bxf4 Nxh5 25. Qxd7+ Rxd7 26. Bh2 Bf8 27. e6 Rdg7
28. Be5 Rg5 29. Re1 Bc5 30. c3 Ng7 31. Bf6 Rg6 32. Kf1 Ne8 33. Bh4 Nd6 34. e7
Ne4 35. Rf5 Bxe7 36. Rxe4 dxe4 37. Bxe7 Rxg2 38. Ne2 Rh2 39. Re5 Re8 40. Rxe4
Kd7 41. Kg1 Rxe2 42. Rxe2 Rxe7 43. Rd2+ Kc6 44. Kf2 Re4 45. b3 Re7 46. Rd8 Rh7
47. Rd4 h5 48. Rh4 Kd5 49. b4 axb4 50. cxb4 c5 51. Ke3 Re7+ 52. Kd3 Re5 53. bxc5
bxc5 54. a5 Kc6 55. a6 Kb6 56. Ra4 Ka7 57. Kc3 Re3+ 58. Kd2 Re6 59. Rc4 Re5 60.
Ra4 Rg5 61. Ke3 Rg3+ 62. Kd2 Rg7 63. Kd3 Rd7+ 64. Kc3 Rd5 65. Kc2 Rf5 66. Kc3
Rf3+ 67. Kc2 Rf6 68. Ra5 Rc6 69. Kd3 h4 70. Kc4 h3 71. Ra1 Rxa6 72. Rh1 Rh6 73.
Kxc5 Rh4 74. Rh2 Ka6 75. Kd5 Kb5 76. Ke5 Kc5 77. Kf5 Kd4 78. Kg5 Rh8 79. Kg4 Ke4
80. Re2+ Kd3 81. Rh2 Ke3 82. Rxh3+ Rxh3 83. Kxh3 1/2-1/2

[Event "68th ch-RUS HL 2015"]
[Site "Kaliningrad RUS"]
[Date "2015.06.29"]
[Round "7.11"]
[White "Riazantsev, Alexander"]
[Black "Demchenko, Anton"]
[Result "1-0"]
[WhiteTitle "GM"]
[BlackTitle "GM"]
[WhiteElo "2658"]
[BlackElo "2589"]
[WhiteFideId "4125029"]
[BlackFideId "4160258"]
[EventDate "2015.06.22"]

1. d4 Nf6 2. c4 g6 3. Nc3 Bg7 4. e4 O-O 5. Be3 d6 6. Be2 e5 7. d5 Na6 8. g4 Nc5
9. f3 c6 10. h4 cxd5 11. cxd5 h5 12. g5 Ne8 13. Nh3 a5 14. Nf2 Nc7 15. Nd3 b6
16. a3 Ba6 17. Rb1 f6 18. b4 Bxd3 19. Bxd3 axb4 20. axb4 Nxd3+ 21. Qxd3 fxg5 22.
Bxg5 Bf6 23. Be3 Ra3 24. Ke2 Qd7 25. b5 Qc8 26. Bd2 Ne8 27. Rb4 Rf7 28. Rc4 Qd8
29. Rc6 Bxh4 30. Qe3 Bg3 31. Qxb6 Qf6 32. Rf1 Kh7 33. Rc8 Ra1 34. Qg1 Rxf1 35.
Qxf1 Nc7 36. Be3 Qe7 37. b6 Na6 38. Ra8 Nb4 39. Ra7 Qe8 40. Qb1 1-0

[Event "68th ch-RUS HL 2015"]
[Site "Kaliningrad RUS"]
[Date "2015.06.29"]
[Round "7.12"]
[White "Pridorozhni, Aleksei"]
[Black "Grachev, Boris"]
[Result "1/2-1/2"]
[WhiteTitle "GM"]
[BlackTitle "GM"]
[WhiteElo "2556"]
[BlackElo "2657"]
[WhiteFideId "4127870"]
[BlackFideId "4129199"]
[EventDate "2015.06.22"]

1. e4 e6 2. d4 d5 3. Nc3 Bb4 4. exd5 exd5 5. Bd3 c6 6. Qf3 Qf6 7. a3 Bd6 8. Qxf6
Nxf6 9. Nge2 Bg4 10. f3 Bh5 11. Bf4 Bxf4 12. Nxf4 Bg6 13. Kd2 Bxd3 14. Rae1+ Kd8
15. Nxd3 Nbd7 16. Ne2 Kc7 17. g4 Ne8 18. Ng3 Nd6 19. a4 Rae8 20. b3 Rxe1 21.
Rxe1 Re8 22. Rxe8 Nxe8 23. h4 g6 24. Ke3 Kd6 25. f4 f6 26. h5 Ke7 27. Nc5 Nd6
28. Kd3 Nb8 29. Ke3 Nd7 30. Nxd7 Kxd7 31. Kd3 Nf7 32. hxg6 hxg6 33. Nf1 Nd6 34.
Nd2 g5 35. fxg5 fxg5 36. c4 Ne8 37. Nf3 Nf6 38. Ne5+ Ke6 39. Nf3 Nxg4 40. Nxg5+
Kf6 41. Nf3 dxc4+ 42. Ke4 1/2-1/2

[Event "68th ch-RUS HL 2015"]
[Site "Kaliningrad RUS"]
[Date "2015.06.29"]
[Round "7.13"]
[White "Lintchevski, Daniil"]
[Black "Matlakov, Maxim"]
[Result "1/2-1/2"]
[WhiteTitle "GM"]
[BlackTitle "GM"]
[WhiteElo "2557"]
[BlackElo "2696"]
[WhiteFideId "4171055"]
[BlackFideId "4168003"]
[EventDate "2015.06.22"]

1. Nf3 d5 2. d4 Nf6 3. c4 c6 4. e3 Bg4 5. h3 Bh5 6. g4 Bg6 7. Ne5 e6 8. Nd2 Nbd7
9. Nxg6 hxg6 10. Bg2 Bd6 11. O-O g5 12. Re1 O-O 13. e4 Bf4 14. e5 Nh7 15. Nf3
Bxc1 16. Rxc1 dxc4 17. Nd2 Nb6 18. Nxc4 Nxc4 19. Rxc4 Qe7 20. Qc1 Rad8 21. a4 f5
22. exf6 Qxf6 23. Qe3 Rf7 24. a5 Nf8 25. Be4 a6 26. Re2 Rfd7 27. Rb4 Re7 28. Rc4
Red7 29. Rb4 Re7 30. Rc4 Red7 31. Rb4 1/2-1/2

[Event "68th ch-RUS HL 2015"]
[Site "Kaliningrad RUS"]
[Date "2015.06.29"]
[Round "7.15"]
[White "Paravyan, David"]
[Black "Rakhmanov, Aleksandr"]
[Result "1/2-1/2"]
[WhiteTitle "IM"]
[BlackTitle "GM"]
[WhiteElo "2478"]
[BlackElo "2623"]
[WhiteFideId "4194985"]
[BlackFideId "4173708"]
[EventDate "2015.06.22"]

1. e4 c5 2. Nf3 Nf6 3. e5 Nd5 4. d4 cxd4 5. Qxd4 e6 6. a3 Nc6 7. Qd1 Qc7 8. c4
Nde7 9. Nc3 Nxe5 10. Nb5 Nxf3+ 11. Qxf3 Qe5+ 12. Be2 Ng6 13. Qg3 Qxg3 14. hxg3
Kd8 15. Be3 b6 16. Bf3 Rb8 17. Nxa7 Bc5 18. Bxc5 bxc5 19. O-O-O Ke7 20. Bc6 d6
21. f4 h6 22. Rd3 Ba6 23. Rhd1 Bxc4 24. Rxd6 Kf6 25. R1d2 Ne7 26. Rc2 Nf5 27.
Rd7 Bb3 28. Rxc5 Nxg3 29. Bf3 g5 30. Rcc7 Rhf8 31. Nc6 Rb6 32. fxg5+ hxg5 33.
Rd3 Ba4 34. b4 g4 35. Bd1 Rxc6+ 36. Rxc6 Bxc6 37. Rxg3 Rg8 38. Rxg4 Rxg4 39.
Bxg4 Bxg2 40. Kd2 Ke5 1/2-1/2

[Event "68th ch-RUS HL 2015"]
[Site "Kaliningrad RUS"]
[Date "2015.06.29"]
[Round "7.16"]
[White "Shimanov, Aleksandr"]
[Black "Chigaev, Maksim"]
[Result "1-0"]
[WhiteTitle "GM"]
[BlackTitle "IM"]
[WhiteElo "2606"]
[BlackElo "2525"]
[WhiteFideId "4198603"]
[BlackFideId "4108116"]
[EventDate "2015.06.22"]

1. d4 Nf6 2. c4 d6 3. Nf3 g6 4. Nc3 Bg7 5. e4 O-O 6. Be2 Bg4 7. Be3 Nfd7 8. d5
Na6 9. Nd4 Bxe2 10. Qxe2 Nb4 11. O-O c5 12. Nf3 Na6 13. Bf4 Bxc3 14. bxc3 f6 15.
h4 Rf7 16. Nh2 Qa5 17. Ng4 Kh8 18. Bd2 Raf8 19. f4 Nb6 20. a4 Nc7 21. Rfb1 Qa6
22. Ne3 f5 23. a5 Nd7 24. exf5 gxf5 25. Re1 Ne8 26. h5 h6 27. g4 fxg4 28. Nxg4
Nef6 29. Nxf6 Rxf6 30. Kh2 Ne5 31. Ra4 b6 32. Rg1 Rf5 33. Rg3 Qc8 34. axb6 axb6
35. Ra7 Qe8 36. Kg2 Qf7 37. Be3 Rg8 38. fxe5 Rxg3+ 39. Kxg3 Qg7+ 40. Qg4 Qxe5+
41. Kg2 Rf8 42. Qe6 Rg8+ 43. Kf1 Rf8+ 44. Ke2 Qxc3 45. Qxh6+ Kg8 46. Qg6+ Kh8
47. Qh6+ Kg8 48. Qg6+ Kh8 49. Rxe7 Qxc4+ 50. Qd3 Qg4+ 51. Kd2 Qb4+ 52. Kc1 Qe1+
53. Kc2 Rf2+ 54. Bxf2 Qxe7 55. h6 Qa7 56. Kb2 Qe7 57. Bg3 b5 58. Bxd6 Qxd6 59.
Qc3+ 1-0

[Event "68th ch-RUS HL 2015"]
[Site "Kaliningrad RUS"]
[Date "2015.06.30"]
[Round "8"]
[White "Najer, Evgeniy"]
[Black "Pridorozhni, Aleksei"]
[Result "1-0"]
[WhiteElo "2661"]
[BlackElo "2556"]
[EventDate "2015.06.22"]

1. e4 e5 2. Nf3 Nc6 3. Bb5 Nf6 4. d3 d6 5. O-O g6 6. Re1 Bg7 7. d4 Nd7 8.
Bg5 f6 9. Be3 O-O 10. Nc3 Kh8 11. Qd2 Ne7 12. a4 Nb8 13. dxe5 fxe5 14. Bg5
Be6 15. Nd5 Bxd5 16. exd5 a6 17. Bc4 Rxf3 18. gxf3 Nd7 19. f4 Qf8 20. Ra3
Nf5 21. fxe5 Nxe5 22. Re4 Qf7 23. Bf1 Rf8 24. Bh3 h6 25. Bf4 Nd7 26. b4 Kh7
27. Bg3 Ne5 28. Bxe5 dxe5 29. Bxf5 gxf5 30. Re1 Rd8 31. c4 c6 32. Rd1 cxd5
33. cxd5 e4 34. d6 Be5 35. d7 Qh5 36. h3 Bf4 37. Qd5 e3 38. fxe3 Qxh3 39.
exf4 Qxa3 40. Qf7+ Kh8 41. Qf6+ Kh7 42. Qe7+ Kg6 43. Rd6+ Kh5 44. Qe2+ 1-0

[Event "68th ch-RUS HL 2015"]
[Site "Kaliningrad RUS"]
[Date "2015.06.30"]
[Round "8"]
[White "Rakhmanov, Aleksandr"]
[Black "Lintchevski, Daniil"]
[Result "1/2-1/2"]
[WhiteElo "2623"]
[BlackElo "2557"]
[EventDate "2015.06.22"]

1. c4 c5 2. Nc3 g6 3. g3 Bg7 4. Bg2 Nc6 5. d3 e6 6. h4 h6 7. e4 Nge7 8.
Nge2 d6 9. Be3 Nd4 10. Qd2 Nec6 11. f4 h5 12. O-O O-O 13. Kh2 Rb8 14. Rac1
a6 15. Bg1 Bd7 16. Nxd4 Nxd4 17. Ne2 Nc6 18. d4 cxd4 19. Nxd4 Nxd4 20. Bxd4
e5 21. Bc3 exf4 22. Qxf4 Bg4 23. Bxg7 Kxg7 24. e5 dxe5 25. Qxe5+ f6 26. Qc3
Re8 27. Rf2 Re5 28. Re1 Qe7 29. Rxe5 Qxe5 30. Rc2 b6 31. b4 Bf5 32. Rc1 a5
33. a3 axb4 34. axb4 g5 35. hxg5 Qxc3 36. Rxc3 fxg5 37. c5 bxc5 38. Rxc5
Rxb4 39. Rxf5 h4 40. Rxg5+ Kf6 41. Ra5 hxg3+ 42. Kxg3 Ke6 43. Kf3 Kd6 44.
Ke3 Rb3+ 45. Kf4 Rb4+ 46. Be4 Rb8 47. Ra6+ Kc5 48. Bf5 Rb6 49. Ra7 Rd6 50.
Be4 Re6 51. Ra5+ Kd4 52. Rd5+ Kc4 53. Ke3 Rh6 54. Re5 Rd6 55. Bf5 Rd1 56.
Be6+ Kb4 57. Bg4 Rc1 58. Be2 Rc5 59. Re4+ Kc3 60. Bd3 Rc6 61. Re5 Rc8 62.
Rh5 Re8+ 63. Be4 Kc4 64. Rh6 Re5 65. Rh1 Kc5 66. Rc1+ Kd6 67. Kd4 Ra5 68.
Rc6+ Ke7 69. Bd5 Ra1 70. Ke5 Re1+ 71. Be4 Re2 72. Rc7+ Ke8 73. Kd5 Kf8 74.
Bf5 Re7 75. Rc8+ Kf7 76. Rh8 Kf6 77. Be6 Ra7 78. Rf8+ Kg5 79. Rf5+ Kg6 80.
Rf4 Ra5+ 81. Kd6 Ra6+ 82. Ke7 Ra7+ 83. Bd7 Ra5 84. Rg4+ Rg5 85. Rf4 Ra5 86.
Rg4+ Rg5 87. Rh4 Rg3 88. Rg4+ Rxg4 89. Bxg4 1/2-1/2